01168nam a22001937a 4500003000900000001000900009007000300018008003600021040003800057245026300095041000800358022001600366856014300382520025200525520017200777260000900949246000800958650000800966UA-OsUOA 135132 ta20190109b un ||||| |||| 00| 0 ukr d aUA-OsUOAbengcUA-OsUOAdUA-OsUOA aEuropean Quarterly of Political Attitudes and MentalitiesbAccess Peer-Reviewed Research Journal in Political Culture Analysis, Modeling and SimulationcEditor-in-Chief: Camelia FlorelaEditor-in-Chief: Camelia Florela Voinea, University of Bucharest, Romania aeng a2285 - 491640uhttps://sites.google.com/a/fspub.unibuc.ro/european-quarterly-of-political-attitudes-and-mentalities/Home/eqpam-volume-3-no-4-october-20143 aEQPAM promotes interdisciplinary research in Political Analysis, Computational Modeling and Simulation with a special focus on the Eastern European political cultures. EQPAM is published by the European Research Group on Political Attitudes and Me3 antalities, EPAMEQPAM acknowledges the contribution of the Faculty of Political Science, University of Bucharest, in providing web server and file space for this journa c201431a4n 72UDC